000 00464nam a2200181Ia 4500
005 20260429111929.0
008 260429s9999||||xx |||||||||||||| ||und||
020 _a9788182860605
041 _aEnglish
082 _a954
_bLET
100 _aLethbridge, Roper
245 0 _aHistory of India /
_cRoper Lethbridge
250 _a1st ed.
260 _aChennai :
_bT R Publications,
_c2024.
300 _aviii, 207 p.; hb
650 _aIndia-History
942 _cTB
999 _c51485
_d51485